[Event "Tata Steel Chess 2013 GM-C"]
[Site "Wijk aan Zee NED"]
[Date "2013.01.23"]
[Round "10.5"]
[White "Brunello, Sabino"]
[Black "Van Der Werf, Mark"]
[Result "1-0"]
[WhiteElo "2572"]
[BlackElo "2450"]
[PlyCount "150"]
[EventDate "2013.01.12"]
[EventType "tourn"]
[EventRounds "12"]
[EventCountry "NED"]
[EventCategory "20"]
[Source "lmi"]
[SourceDate "2013.01.12"]

1. d4 Nf6 2. c4 e6 3. Nf3 d5 4. Nc3 c5 5. cxd5 Nxd5 6. e4 Nxc3 7. bxc3 cxd4 8.
cxd4 Bb4+ 9. Bd2 Bxd2+ 10. Qxd2 O-O 11. Bc4 Nd7 12. O-O b6 13. Rad1 Bb7 14.
Rfe1 Rc8 15. Bd3 h6 16. h3 Qc7 17. Bb1 Rfd8 18. d5 exd5 19. exd5 Nf6 20. d6 Qc3
21. Qxc3 Rxc3 22. Ne5 Bd5 23. Ng4 Nxg4 24. Rxd5 Nf6 25. Rd4 Rc6 26. Red1 Ne8
27. d7 Nf6 28. Bd3 Rc7 29. Bb5 Kf8 30. g3 a6 31. Bxa6 Rdxd7 32. Bb5 Rxd4 33.
Rxd4 Ke7 34. Rb4 Nd5 35. Rb2 Kd6 36. Bf1 Rc1 37. Kg2 Kc5 38. Bb5 Nc3 39. Be8 f6
40. Kf3 b5 41. Kg4 Re1 42. Bf7 Re7 43. Bg8 g6 44. Kf3 b4 45. Rd2 f5 46. Rd8 Ra7
47. Rc8+ Kd6 48. Re8 Rg7 49. Bb3 Ne4 50. Ke3 Nc5 51. Kd4 Nxb3+ 52. axb3 Rc7 53.
Rg8 Rc3 54. Rxg6+ Ke7 55. Rxh6 Rxb3 56. Rh4 Ke6 57. Rf4 Rc3 58. g4 Rxh3 59.
Rxf5 b3 60. Ke4 Rh2 61. Kf3 Rh3+ 62. Kf4 Rd3 63. Rb5 Rd2 64. Ke3 Rb2 65. g5 Rb1
66. Ke4 Re1+ 67. Kf4 Rf1 68. f3 Rb1 69. Rb6+ Ke7 70. Kf5 b2 71. f4 Kd7 72. g6
Kc7 73. Rb3 Kd6 74. g7 Rg1 75. Kf6 Kd5 1-0